000 00640 a2200169 4500
999 _c1920
_d1920
020 _a9780869228494
050 0 0 _aLB 43 MAT 2012
100 1 _aMatsika, Chrispen.
_eAuthor
245 1 0 _aTraditional African education :
_bits significance to current educational practices with special reference to Zimbabwe /
_cChrispen Matsika.
264 _aZimbabwe:
_bMambo Press,
_cc2012
300 _axvii, 285 p. :
_bill., maps.
500 _aIncludes index
504 _aIncludes bibliographical references (p. 240-263) and index.
650 0 _aEducation
_xHistory.
942 _2lcc
_cBK
_h43
_iMAT
_kLB